[Event "World Rapid Women 2022"]
[Site "Almaty KAZ"]
[Date "2022.12.26"]
[Round "4.19"]
[White "Fataliyeva, Ulviyya"]
[Black "Munkhzul, Turmunkh"]
[Result "1/2-1/2"]
[WhiteTitle "IM"]
[BlackTitle "WIM"]
[WhiteElo "2428"]
[BlackElo "2318"]
[WhiteFideId "13403052"]
[BlackFideId "4901878"]
[EventDate "2022.12.26"]

1. d4 Nf6 2. Nc3 d5 3. Bf4 g6 4. Qd2 Bg7 5. h4 h5 6. Nf3 O-O 7. Bh6 Bf5 8. Bxg7
Kxg7 9. e3 Nbd7 10. Ne5 c6 11. Bd3 Bxd3 12. cxd3 c5 13. Nxd7 Nxd7 14. dxc5 Nxc5
15. d4 Na6 16. a3 Rc8 17. O-O e6 18. g3 Nc7 19. Na4 Ne8 20. Qb4 Nd6 21. Nc5 b6
22. Nd3 Rc4 23. Qd2 Ne4 24. Qe2 Qc7 25. Rac1 Rc8 26. Rxc4 Qxc4 27. Rc1 Qa6 28.
Rc2 Nd6 29. Qd2 Ne4 30. Qc1 Nd6 31. Ne5 Rxc2 32. Qxc2 Qc8 33. Qxc8 Nxc8 34. b4
f6 35. Nc6 b5 36. Nd8 e5 37. Ne6+ Kf7 38. Nc7 exd4 39. exd4 Nd6 40. Kf1 Nc4 41.
Nxb5 a6 42. Nc7 Nxa3 43. Nxd5 Nb5 44. Ke2 Nxd4+ 45. Kd3 Nb5 46. Kc4 Ke6 47. Kc5
g5 48. Ne3 Ke5 49. Kb6 gxh4 50. gxh4 Kf4 51. Kxa6 Nd6 52. Kb6 Kf3 53. Kc6 Nf7
54. Nd5 Ne5+ 55. Kd6 Nc4+ 56. Kc5 Nb2 57. b5 Kxf2 58. Nxf6 Kg3 59. Nxh5+ Kxh4
60. Nf6 Kg5 61. Nd5 Kf5 62. Nc3 Ke6 63. b6 Kd7 64. Kb5 Kc8 65. Ne4 Nd3 66. Ka6
Kb8 67. Nf6 Nc5+ 68. Kb5 Ne6 69. Kc6 Nd4+ 70. Kc5 Kb7 71. Nd7 Ne6+ 72. Kd5 Nf8
73. Nxf8 Kxb6 74. Ke4 1/2-1/2

[Event "World Rapid Women 2022"]
[Site "Almaty KAZ"]
[Date "2022.12.26"]
[Round "4.20"]
[White "Sultanbek, Zeinep"]
[Black "Tania, Sachdev"]
[Result "1-0"]
[WhiteTitle "WIM"]
[BlackTitle "IM"]
[WhiteElo "1891"]
[BlackElo "2389"]
[WhiteFideId "13710419"]
[BlackFideId "5007844"]
[EventDate "2022.12.26"]

1. Nf3 Nf6 2. g3 d5 3. Bg2 c5 4. O-O Nc6 5. d4 e6 6. c4 dxc4 7. Qa4 cxd4 8. Nxd4
Qxd4 9. Bxc6+ Bd7 10. Rd1 Bxc6 11. Qxc6+ bxc6 12. Rxd4 Be7 13. Rxc4 Kd7 14. b3
Kc7 15. Bb2 Rhd8 16. Rc2 Rd1+ 17. Kg2 Rad8 18. Nc3 Rxa1 19. Bxa1 g6 20. Nb5+ Kb7
21. Nd4 c5 22. Nf3 Nd5 23. a3 Nb6 24. Ne5 Rd1 25. Bb2 f6 26. Nd3 Nd7 27. Bc1 e5
28. f3 f5 29. Be3 Rb1 30. Bxc5 e4 31. Bxe7 exd3 32. exd3 Rxb3 33. Bd6 Nf6 34.
Rc7+ Kb6 35. Rf7 Nd5 36. d4 Rb2+ 37. Kh3 a5 38. Rxh7 Ne3 39. Rg7 Nf1 40. g4
fxg4+ 41. Kxg4 Nxh2+ 42. Bxh2 Rxh2 43. Rxg6+ Kb5 44. Kf4 Ka4 45. Ra6 Rh5 46. Ke4
Kxa3 47. d5 a4 48. f4 Rh1 49. d6 Kb4 50. f5 Kb5 51. Ra8 Kc6 52. Ke5 Re1+ 53. Kf6
Re4 54. Ra6+ Kb7 55. Ra5 Kc6 56. Ra6+ Kb7 57. d7 Kc7 58. Ra7+ Kd8 59. Kf7 Rd4
60. Kg6 Rg4+ 61. Kf6 Rd4 62. Ke6 Re4+ 63. Kd5 Re7 64. Kd6 1-0

[Event "World Rapid Women 2022"]
[Site "Almaty KAZ"]
[Date "2022.12.26"]
[Round "4.21"]
[White "Saduakassova, Dinara"]
[Black "Bivol, Alina"]
[Result "1/2-1/2"]
[WhiteTitle "IM"]
[BlackTitle "IM"]
[WhiteElo "2434"]
[BlackElo "2364"]
[WhiteFideId "13700090"]
[BlackFideId "4100123"]
[EventDate "2022.12.26"]

1. d4 d5 2. Nf3 Nf6 3. Bf4 e6 4. e3 c5 5. Nbd2 Nc6 6. c3 Nh5 7. Bg5 Qb6 8. dxc5
Bxc5 9. b4 Bf8 10. e4 h6 11. Be3 Qd8 12. Be2 Nf6 13. Qc2 Qc7 14. Rc1 Ng4 15.
exd5 Nxe3 16. fxe3 exd5 17. e4 Be6 18. O-O dxe4 19. Nxe4 O-O-O 20. b5 Ne5 21.
Nxe5 Qxe5 22. Bf3 g5 23. Qa4 g4 24. Be2 f5 25. Ng3 Bc5+ 26. Kh1 Be3 27. Rcd1 f4
28. Qe4 Qxe4 29. Nxe4 Kc7 30. Nf6 h5 31. c4 Rd2 32. Rxd2 Bxd2 33. h3 gxh3 34.
gxh3 Bxh3 35. Nd5+ Kb8 36. Rd1 Be3 37. Nxe3 fxe3 38. Rd3 Re8 39. Kg1 Rg8+ 40.
Kh1 Re8 41. Kg1 Bg4 42. Kf1 Re4 43. c5 Kc7 44. Rd5 Rb4 45. Bxg4 hxg4 46. Ke2
Rxb5 47. Kxe3 Kc6 48. Rg5 Rb2 49. Kd4 Rxa2 50. Rg6+ Kb5 51. Rg7 b6 52. cxb6 axb6
53. Rg5+ Ka6 54. Kc3 Rg2 55. Kb4 g3 56. Kb3 Rg1 57. Kb2 g2 58. Rg8 Kb5 59. Rg7
Kc5 60. Rg8 Kd5 61. Rg7 Ke5 62. Rg8 Kf6 63. Rg3 b5 64. Rg8 Kf5 65. Rg7 Kf4 66.
Rg8 Kf3 67. Rf8+ Ke4 68. Rg8 Kd4 69. Rd8+ Kc4 70. Rc8+ Kb4 71. Rg8 Kc4 72. Rc8+
Kd5 73. Rg8 b4 74. Rg7 b3 75. Rg8 Kc4 76. Rc8+ Kb4 77. Rb8+ Kc5 78. Rg8 Kb4 1/2-1/2

[Event "World Rapid Women 2022"]
[Site "Almaty KAZ"]
[Date "2022.12.26"]
[Round "4.22"]
[White "Schulze, Lara"]
[Black "Stefanova, Antoaneta"]
[Result "0-1"]
[WhiteTitle "FM"]
[BlackTitle "GM"]
[WhiteElo "2284"]
[BlackElo "2442"]
[WhiteFideId "12956830"]
[BlackFideId "2902257"]
[EventDate "2022.12.26"]

1. e4 e5 2. Nf3 Nc6 3. Bc4 Bc5 4. c3 Nf6 5. d3 a6 6. Nbd2 Ba7 7. O-O O-O 8. h3
d5 9. exd5 Nxd5 10. Re1 b5 11. Bb3 Nf4 12. Ne4 Nxd3 13. Bg5 Qd7 14. Re2 Nf4 15.
Rd2 Qf5 16. Bc2 Qe6 17. Bxf4 exf4 18. Neg5 Qh6 19. Bxh7+ Kh8 20. Be4 Kg8 21.
Bh7+ Kh8 22. Be4 Kg8 23. Qb3 Bb7 24. Rd7 Na5 25. Qb4 Bxe4 26. Qxe4 Rae8 27. Qxf4
f6 28. Qxc7 Bb8 29. Qxa5 fxg5 30. Qb4 Rxf3 31. gxf3 Qxh3 32. Qg4 Qh2+ 33. Kf1
Qh1+ 34. Qg1 Qh3+ 35. Qg2 Qxd7 0-1

[Event "World Rapid Women 2022"]
[Site "Almaty KAZ"]
[Date "2022.12.26"]
[Round "4.23"]
[White "Atalik, Ekaterina"]
[Black "Nurmanova, Alua"]
[Result "1/2-1/2"]
[WhiteTitle "IM"]
[BlackTitle "WIM"]
[WhiteElo "2403"]
[BlackElo "2191"]
[WhiteFideId "4130189"]
[BlackFideId "13729390"]
[EventDate "2022.12.26"]

1. c4 Nf6 2. g3 g6 3. Bg2 Bg7 4. Nf3 O-O 5. O-O d6 6. Nc3 e5 7. d3 Nc6 8. Rb1 a5
9. a3 Re8 10. e4 Bg4 11. h3 Bxf3 12. Bxf3 Nd4 13. Bg2 Nd7 14. Kh2 c6 15. Ne2 a4
16. Nxd4 exd4 17. f4 Nc5 18. f5 Nd7 19. Bf4 Be5 20. Qd2 Qe7 21. Rf2 Bxf4 22.
Rxf4 Qe5 23. fxg6 fxg6 24. Rbf1 Rf8 25. Qd1 Nc5 26. h4 Rxf4 27. gxf4 Qf6 28. Kg3
Rf8 29. Bh3 Kh8 30. Qe2 Re8 31. Bg4 h6 32. Bh3 Kh7 33. h5 g5 34. Bf5+ Kh8 35.
Bg6 Re7 36. fxg5 Qxg5+ 37. Kh2 Qh4+ 38. Kg2 Qg5+ 39. Kh2 Qh4+ 40. Kg2 Qg5+ 41.
Kh2 Qh4+ 1/2-1/2

[Event "World Rapid Women 2022"]
[Site "Almaty KAZ"]
[Date "2022.12.26"]
[Round "4.24"]
[White "Kurmangaliyeva, Liya"]
[Black "Shuvalova, Polina"]
[Result "0-1"]
[WhiteTitle "FM"]
[BlackTitle "IM"]
[WhiteElo "2287"]
[BlackElo "2502"]
[WhiteFideId "13725831"]
[BlackFideId "24171760"]
[EventDate "2022.12.26"]

1. d4 Nf6 2. c4 e6 3. Nf3 d5 4. g3 Bb4+ 5. Nbd2 O-O 6. Bg2 b6 7. O-O Bb7 8. Ne5
Qc8 9. cxd5 Bxd5 10. a3 Bxg2 11. Kxg2 Qb7+ 12. Kg1 Be7 13. Qc2 c5 14. dxc5 Bxc5
15. b4 Bd4 16. Bb2 Rc8 17. Qb3 Bxb2 18. Qxb2 Nc6 19. Ndc4 Nxe5 20. Nxe5 Qe4 21.
Rac1 h6 22. Rfd1 a5 23. b5 Rxc1 24. Rxc1 Rd8 25. Nc6 Rd7 26. Qc2 Qd5 27. Qc4
Qxc4 28. Rxc4 Rd2 29. e3 g5 30. h3 Kg7 31. Kg2 h5 32. g4 h4 33. Kf3 Ra2 34. a4
Nd7 35. Rd4 Nc5 36. Ne5 Rxa4 37. Rd6 Rb4 38. Rxb6 a4 39. Nc6 Rb2 40. Rb8 Nd3 41.
Ra8 Rxf2+ 42. Ke4 Rd2 43. Kd4 Nf2+ 44. Kc3 Ne4+ 45. Kc4 Rb2 46. Nb4 Nd6+ 47. Kc5
Nb7+ 48. Kc4 Nd6+ 49. Kc5 Nxb5 50. Kxb5 Rh2 51. Rxa4 Rxh3 52. Nc2 Rg3 53. Nd4 h3
54. Ra1 Rxg4 55. Rh1 Rg3 56. e4 g4 57. Kc4 Re3 58. Rg1 g3 59. Nc2 h2 60. Rd1
Rxe4+ 61. Kd3 Rh4 0-1

[Event "World Rapid Women 2022"]
[Site "Almaty KAZ"]
[Date "2022.12.26"]
[Round "4.25"]
[White "Shukhman, Anna"]
[Black "Gaponenko, Inna"]
[Result "1-0"]
[WhiteTitle "WFM"]
[BlackTitle "IM"]
[WhiteElo "2161"]
[BlackElo "2341"]
[WhiteFideId "54180058"]
[BlackFideId "14101181"]
[EventDate "2022.12.26"]

1. e4 c5 2. Nf3 Nc6 3. Bb5 g6 4. O-O Bg7 5. c3 Nf6 6. Re1 O-O 7. h3 Qb6 8. Na3
Rd8 9. d3 d5 10. e5 Ne8 11. c4 Nc7 12. Bg5 dxc4 13. Bxc6 Qxc6 14. Nxc4 Bf5 15.
Bxe7 Rxd3 16. Qe2 Rd7 17. Bd6 Ne8 18. Rad1 Be6 19. Ng5 b5 20. Nxe6 fxe6 21. Na5
Qa6 22. Nb3 Rf7 23. Nxc5 Qxa2 24. Qxb5 Rc8 25. Re2 Bh6 26. b3 Nxd6 27. exd6 Qa3
28. d7 Ra8 29. d8=Q+ 1-0

[Event "World Rapid Women 2022"]
[Site "Almaty KAZ"]
[Date "2022.12.26"]
[Round "4.26"]
[White "Yao, Lan"]
[Black "Paramzina, Anastasya"]
[Result "1-0"]
[WhiteTitle "WIM"]
[BlackTitle "WGM"]
[WhiteElo "2271"]
[BlackElo "2227"]
[WhiteFideId "8610835"]
[BlackFideId "4165012"]
[EventDate "2022.12.26"]

1. e4 c5 2. Nf3 d6 3. d4 cxd4 4. Nxd4 Nf6 5. Nc3 a6 6. Bg5 Nbd7 7. f4 Qc7 8. Qf3
b5 9. O-O-O Bb7 10. Bd3 g6 11. Nd5 Nxd5 12. exd5 Bg7 13. Nc6 Nf6 14. Rhe1 Bxc6
15. dxc6 O-O 16. f5 Rac8 17. h4 Rfe8 18. fxg6 fxg6 19. Bxf6 Bxf6 20. h5 Qxc6 21.
hxg6 h6 22. Qf5 Kg7 23. Kb1 Qc5 24. Qe6 Rf8 25. Rf1 Qe5 26. Qb3 Rb8 27. Rde1 Qd4
28. Re4 Qa7 29. g4 a5 30. g5 hxg5 31. Rh1 e6 32. Rh7+ 1-0

[Event "World Rapid Women 2022"]
[Site "Almaty KAZ"]
[Date "2022.12.26"]
[Round "4.27"]
[White "Tereladze, Sopio"]
[Black "Beydullayeva, Govhar"]
[Result "1-0"]
[WhiteTitle "WIM"]
[BlackTitle "WGM"]
[WhiteElo "2215"]
[BlackElo "2387"]
[WhiteFideId "13600486"]
[BlackFideId "13413015"]
[EventDate "2022.12.26"]

1. e4 c5 2. Nf3 d6 3. d4 cxd4 4. Qxd4 Nf6 5. Nc3 a6 6. Bg5 Nc6 7. Qd2 e6 8.
O-O-O h6 9. Bh4 Be7 10. g4 g5 11. Bg3 Nxg4 12. h4 Nge5 13. Be2 Nxf3 14. Bxf3 Ne5
15. Be2 gxh4 16. Bf4 Bd7 17. Kb1 Qc7 18. Bxh6 O-O-O 19. Be3 Nc4 20. Bxc4 Qxc4
21. Bb6 Rdg8 22. Qe3 Kb8 23. Rd4 Qc8 24. Rb4 Bc6 25. a4 Bd8 26. Ba7+ Ka8 27. Nb5
Bxb5 28. axb5 a5 29. Ra4 Qc7 30. b6 Qc5 31. Qxc5 dxc5 32. Rh3 Rg1+ 33. Ka2 Be7
34. c4 Rd8 35. Rxa5 Rdd1 36. Kb3 Rh1 37. Rf3 f6 38. Kc2 Rc1+ 39. Kb3 h3 40. Rd3
Rcd1 41. Rg3 h2 42. Rh3 Rd8 43. Rh7 Bd6 44. f4 Bxf4 45. Rxc5 Rhd1 46. Rch5 R1d3+
47. Ka2 Rd2 48. Ka3 Be5 49. b3 Bb8 50. Bxb8 Kxb8 51. Rxh2 Rxh2 52. Rxh2 Rf8 53.
Rf2 Kc8 54. Kb4 Kd7 55. c5 f5 56. Rf4 Ke7 57. Kb5 Kd7 58. b4 Rf7 59. Kc4 Kc8 60.
b5 Kd7 61. exf5 e5 62. Rf1 Ke7 63. Kd5 Rh7 64. c6 Kf6 65. c7 Rh8 66. Kd6 1-0

[Event "World Rapid Women 2022"]
[Site "Almaty KAZ"]
[Date "2022.12.26"]
[Round "4.28"]
[White "Muminova, Nafisa"]
[Black "Foudzi, Siti Zulaikha"]
[Result "1-0"]
[WhiteTitle "WGM"]
[BlackTitle "WIM"]
[WhiteElo "2274"]
[BlackElo "2136"]
[WhiteFideId "14201526"]
[BlackFideId "5700965"]
[EventDate "2022.12.26"]

1. e4 g6 2. d4 Bg7 3. Nc3 d6 4. f4 Nf6 5. Bd3 Nc6 6. Nf3 O-O 7. O-O e5 8. d5 Nd4
9. fxe5 dxe5 10. Nxe5 Nxd5 11. Nxd5 Bxe5 12. Bf4 f6 13. Qd2 Be6 14. Bxe5 fxe5
15. Rxf8+ Qxf8 16. Nxc7 Qc5 17. Nxe6 Nxe6+ 18. Qf2 Rd8 19. Rf1 Qxf2+ 20. Kxf2
Nf4 21. Rd1 Kg7 22. g3 Ne6 23. Ke3 Nd4 24. c3 Ne6 25. Bc2 Rxd1 26. Bxd1 Kf6 27.
Bg4 Nc5 28. b4 Na4 29. Kd2 h5 30. Bc8 Nb6 31. Bxb7 Nc4+ 32. Kd3 Nb2+ 33. Ke2 g5
34. Bd5 Ke7 35. Bb3 Ke8 1-0

[Event "World Rapid Women 2022"]
[Site "Almaty KAZ"]
[Date "2022.12.26"]
[Round "4.29"]
[White "Badelka, Olga"]
[Black "Hajiyeva, Laman"]
[Result "0-1"]
[WhiteTitle "IM"]
[BlackTitle "WFM"]
[WhiteElo "2416"]
[BlackElo "2135"]
[WhiteFideId "13509926"]
[BlackFideId "13415875"]
[EventDate "2022.12.26"]

1. e4 c6 2. Nf3 d5 3. d3 Qc7 4. g3 e5 5. Bg2 Nf6 6. O-O dxe4 7. dxe4 Be7 8. Qe2
O-O 9. b3 a5 10. Bb2 Nbd7 11. a4 Bd6 12. Nbd2 b5 13. Rfd1 Ba6 14. Qe1 Bc5 15. h3
Nh5 16. axb5 cxb5 17. Nf1 b4 18. Ne3 Bxe3 19. Qxe3 Nhf6 20. Rd2 Rfe8 21. Nh4 g6
22. Rad1 Re6 23. f4 Rae8 24. f5 Rc6 25. Qf2 g5 26. Nf3 Nxe4 27. Rxd7 Nxf2 28.
Rxc7 Rxc7 29. Kxf2 Rxc2+ 30. Rd2 Rxd2+ 31. Nxd2 f6 32. Ne4 Kg7 33. Nc5 Rc8 34.
Ne6+ Kf7 35. Bd5 Rc2+ 36. Ke3 Re2+ 37. Kf3 e4+ 38. Kg4 h5+ 39. Kxh5 Rxb2 40.
Nc5+ Kg7 41. Bxe4 Be2+ 42. g4 Bd1 43. Bd5 Rd2 44. Ne6+ Kh7 45. Nf8+ Kg7 46. Ne6+
Kh7 47. Nf8+ Kh8 48. Bc4 Be2 49. Be6 Kg7 50. Ng6 Rd4 51. Ne7 Bxg4+ 52. hxg4 Rd2 0-1

[Event "World Rapid Women 2022"]
[Site "Almaty KAZ"]
[Date "2022.12.26"]
[Round "4.30"]
[White "Injac, Teodora"]
[Black "Nurgaliyeva, Zarina"]
[Result "0-1"]
[WhiteTitle "WGM"]
[BlackTitle "WFM"]
[WhiteElo "2365"]
[BlackElo "2013"]
[WhiteFideId "932400"]
[BlackFideId "13730096"]
[EventDate "2022.12.26"]

1. Nf3 d5 2. g3 Nf6 3. Bg2 Bg4 4. h3 Bh5 5. c4 e6 6. O-O c6 7. d3 Be7 8. cxd5
exd5 9. Qb3 Qc8 10. e4 O-O 11. Nc3 dxe4 12. dxe4 Na6 13. Nh4 Nc5 14. Qc2 Re8 15.
Nf5 Bf8 16. Bg5 Nfd7 17. g4 Bg6 18. Rad1 Ne6 19. Be3 Qc7 20. f4 Rad8 21. Qf2 Bc5
22. Kh1 f6 23. Rxd7 Rxd7 24. Bxc5 Nxc5 25. Qxc5 Bf7 26. Qf2 Red8 27. Qh4 Rd2 28.
g5 Rxb2 29. gxf6 g6 30. Qh6 Bc4 31. Ne7+ Kf7 32. Qxh7+ Ke8 33. Qxg6+ Bf7 34. Qg5
Rdd2 35. Rg1 Rdc2 36. Nd1 Rxa2 37. Ne3 Rf2 38. e5 Qd7 39. N7f5 Kd8 40. Nd6 Qxh3+ 0-1

[Event "World Rapid Women 2022"]
[Site "Almaty KAZ"]
[Date "2022.12.26"]
[Round "4.31"]
[White "Arabidze, Meri"]
[Black "Machlik, Monika"]
[Result "1-0"]
[WhiteTitle "IM"]
[WhiteElo "2427"]
[BlackElo "2114"]
[WhiteFideId "13604040"]
[BlackFideId "1513621"]
[EventDate "2022.12.26"]

1. d4 Nf6 2. c4 e6 3. Nf3 Bb4+ 4. Bd2 a5 5. g3 d6 6. Bg2 Nc6 7. O-O e5 8. Bg5
exd4 9. Nxd4 Nxd4 10. Qxd4 h6 11. Bxf6 Qxf6 12. Qxf6 gxf6 13. a3 Bc5 14. Nc3 a4
15. Nd5 Kd8 16. e3 f5 17. Rac1 c6 18. Nf4 Be6 19. Rfd1 Kc7 20. Bf1 Rhg8 21. Bd3
Kd7 22. Rc3 Ke7 23. Be2 Ra6 24. Nd3 Rb6 25. Kf1 Re8 26. Ke1 Rg8 27. Rd2 Re8 28.
Kd1 Rb8 29. Kc1 Rg8 30. Bd1 Ra8 31. Bc2 Rba6 32. Re2 Rg8 33. Nxc5 dxc5 34. e4
fxe4 35. Rxe4 Raa8 36. f4 Kf6 37. f5 Bd7 38. Rd3 Bc8 39. Rd6+ Kg7 40. Rg4+ Kh8
41. Rxh6# 1-0

[Event "World Rapid Women 2022"]
[Site "Almaty KAZ"]
[Date "2022.12.26"]
[Round "4.32"]
[White "Nasybullina, Alfia"]
[Black "Osmak, Yuliia"]
[Result "0-1"]
[WhiteTitle "WIM"]
[BlackTitle "IM"]
[WhiteElo "2027"]
[BlackElo "2451"]
[WhiteFideId "4132416"]
[BlackFideId "14101602"]
[EventDate "2022.12.26"]

1. Nf3 d5 2. g3 Nd7 3. d4 Nb6 4. Bg2 Nf6 5. O-O Bf5 6. Nbd2 e6 7. Nb3 Be7 8. Ne5
O-O 9. Nc5 Bxc5 10. dxc5 Nbd7 11. Nxd7 Nxd7 12. c4 c6 13. cxd5 exd5 14. Qd4 Re8
15. e3 Be4 16. f3 Bg6 17. Bd2 Qe7 18. b4 f6 19. Rae1 Rad8 20. g4 Ne5 21. h4 Bd3
22. Rf2 Bc4 23. Ra1 a5 24. a3 Ra8 25. h5 h6 26. Bh3 Nd3 27. Rh2 Qe5 28. Qxe5
Nxe5 29. Rf2 axb4 30. Bxb4 Nd3 31. Rd1 Rxe3 32. Rfd2 Nxb4 33. axb4 Rxf3 34. Bg2
Rg3 35. Kh2 Rxg4 36. Bf3 Rg5 37. Re1 Re5 38. Rg1 Ra2 39. Rxa2 Bxa2 40. Ra1 Bc4
41. Ra8+ Kf7 42. Rb8 Re7 43. Rd8 Be2 44. Kg2 Bxf3+ 45. Kxf3 g6 46. hxg6+ Kxg6
47. Rg8+ Kf5 48. Rh8 Re4 0-1

[Event "World Rapid Women 2022"]
[Site "Almaty KAZ"]
[Date "2022.12.26"]
[Round "4.33"]
[White "Nurgali, Nazerke"]
[Black "Kovanova, Baira"]
[Result "1-0"]
[WhiteTitle "WIM"]
[BlackTitle "WGM"]
[WhiteElo "2168"]
[BlackElo "2317"]
[WhiteFideId "13711261"]
[BlackFideId "4164083"]
[EventDate "2022.12.26"]

1. d4 d5 2. Nf3 Nf6 3. c4 c6 4. Nc3 dxc4 5. a4 Bf5 6. e3 e6 7. Bxc4 Bb4 8. O-O
O-O 9. Qe2 Bg6 10. Ne5 Nbd7 11. Nxg6 hxg6 12. Rd1 Qc7 13. e4 e5 14. d5 Nb6 15.
Bb3 cxd5 16. Nxd5 Nbxd5 17. exd5 e4 18. Be3 Bd6 19. h3 Qe7 20. Bd4 Rfe8 21. a5
a6 22. Re1 Nh5 23. g3 f5 24. Rac1 Qg5 25. h4 Qe7 26. Bc5 Rac8 27. Bxd6 Qxd6 28.
Rxc8 Rxc8 29. Qe3 Kh7 30. Qb6 Qe5 31. d6 Rc6 32. Bg8+ Kxg8 33. d7 Rxb6 34. d8=Q+
Kh7 35. axb6 Nxg3 36. Qc7 Qa5 37. Qc3 Qxc3 38. bxc3 Nh5 39. c4 Nf4 40. c5 1-0

[Event "World Rapid Women 2022"]
[Site "Almaty KAZ"]
[Date "2022.12.26"]
[Round "4.34"]
[White "Gvetadze, Sofio"]
[Black "Balabayeva, Xeniya"]
[Result "1-0"]
[WhiteTitle "IM"]
[BlackTitle "WIM"]
[WhiteElo "2298"]
[BlackElo "2183"]
[WhiteFideId "13601440"]
[BlackFideId "13719688"]
[EventDate "2022.12.26"]

1. Nf3 d5 2. g3 Bg4 3. Bg2 Nd7 4. O-O e5 5. d3 Ngf6 6. Nbd2 Bd6 7. c4 c6 8. h3
Bh5 9. Nh4 Bg6 10. Nxg6 hxg6 11. cxd5 Nxd5 12. Nc4 Be7 13. b3 N5b6 14. Ne3 Bc5
15. Rb1 Qe7 16. Nc4 O-O 17. e3 Rad8 18. Qc2 Nxc4 19. bxc4 Nf6 20. Rd1 Rd7 21.
Bb2 Rfd8 22. Bc3 Bb6 23. Bb4 Qe6 24. a4 a6 25. Ba3 Ba7 26. Rb3 g5 27. c5 Qe7 28.
Rdb1 g6 29. Bf1 Ne8 30. Qb2 Rb8 31. Bg2 Bxc5 32. Bxc6 bxc6 33. Rxb8 Bxa3 34.
Rxe8+ Qxe8 35. Qxa3 Kg7 36. Qc3 Qe6 37. Rb6 Qxh3 38. Qxe5+ f6 39. Qe8 Rf7 40.
Rb8 Qh7 41. Qxc6 g4 42. Rb7 Qh5 43. Qxa6 Qf5 44. Rxf7+ Kxf7 45. Qb7+ Kf8 46.
Qb4+ Kg7 47. Qe7+ Kh6 48. Qe4 Qd7 49. a5 f5 50. Qd4 Qc7 51. Qh8+ 1-0

[Event "World Rapid Women 2022"]
[Site "Almaty KAZ"]
[Date "2022.12.26"]
[Round "4.35"]
[White "Lhotska, Anna"]
[Black "Omonova, Umida"]
[Result "1-0"]
[WhiteTitle "WFM"]
[BlackTitle "WFM"]
[WhiteElo "2159"]
[BlackElo "2052"]
[WhiteFideId "376183"]
[BlackFideId "14210363"]
[EventDate "2022.12.26"]

1. e4 c5 2. Nf3 Nc6 3. d4 cxd4 4. Nxd4 g6 5. Nc3 Bg7 6. Be3 Nf6 7. Bc4 O-O 8.
Bb3 d6 9. h3 Bd7 10. O-O a6 11. Re1 b5 12. Nxc6 Bxc6 13. Bg5 h6 14. Bh4 Rc8 15.
Qd3 Kh7 16. Rad1 Nd7 17. Nd5 Bxd5 18. exd5 Re8 19. Qf3 Kg8 20. c3 Ne5 21. Qe2
Qd7 22. Rd4 f5 23. f4 Nc4 24. Rd3 Bf6 25. Bf2 Kf7 26. Bd4 a5 27. Kh2 a4 28. Bd1
Bxd4 29. Rxd4 e5 30. dxe6+ Rxe6 31. Qf2 Rce8 32. Rxe6 Qxe6 33. Bf3 Ne3 34. Rd3
d5 35. Rd4 Kg7 36. Kg1 Qb6 37. Qe2 Re7 38. Qd3 Qc5 39. Kh2 Qd6 40. g3 Qb6 41.
Rb4 Nc4 42. Kg2 Ne3+ 43. Kh2 Nc4 44. Qd4+ Qxd4 45. cxd4 Re3 46. Bxd5 Re2+ 47.
Kg1 Nd6 48. Kf1 Rh2 49. Bg2 Kf6 50. Kg1 Rxg2+ 51. Kxg2 Ke6 52. Kf3 Kd5 53. b3 a3
54. Ke3 h5 55. Kf3 Kc6 56. g4 h4 57. gxf5 gxf5 58. Ke3 Kd5 59. Kd3 Kc6 60. d5+
Kxd5 61. Rd4+ Ke6 62. Rxd6+ Kxd6 63. Kd4 Kc6 64. Ke5 Kc5 65. Kxf5 Kd4 66. Kg5
Kc3 67. f5 Kb2 68. f6 Kxa2 69. f7 Kb2 70. f8=Q a2 71. Qf6+ Kxb3 72. Kf4 b4 73.
Ke3 Kc2 74. Qf2+ Kb3 75. Qe1 Kc2 76. Qd2+ Kb3 77. Qc1 Ka4 78. Kd3 b3 79. Qb2 1-0

[Event "World Rapid Women 2022"]
[Site "Almaty KAZ"]
[Date "2022.12.26"]
[Round "4.36"]
[White "Nomindalai, Tumurbaatar"]
[Black "Enkhtuul, Altan-Ulzii"]
[Result "1-0"]
[WhiteTitle "CM"]
[BlackTitle "WGM"]
[WhiteElo "2132"]
[BlackElo "2285"]
[WhiteFideId "4904095"]
[BlackFideId "4901444"]
[EventDate "2022.12.26"]

1. d4 c5 2. d5 Nf6 3. g3 b5 4. Bg2 d6 5. e4 Bb7 6. Ne2 g6 7. O-O Bg7 8. a4 b4 9.
Re1 O-O 10. c3 a5 11. Nd2 Nbd7 12. Qc2 Ne8 13. Rb1 Nc7 14. c4 e5 15. Nf1 Rb8 16.
b3 Re8 17. Ne3 h5 18. Bb2 Bc8 19. Rbd1 Nf6 20. Rf1 Ng4 21. Nxg4 hxg4 22. Bc1 Rf8
23. f3 gxf3 24. Rxf3 Bg4 25. Rf2 Qd7 26. Rdf1 Bh3 27. Bxh3 Qxh3 28. Bg5 Rbe8 29.
Kh1 Qg4 30. Bf6 Bxf6 31. Rxf6 Rd8 32. Kg2 Ne8 33. R6f3 f6 34. h3 Qg5 35. Qc1
Qxc1 36. Nxc1 Rd7 37. g4 Rdf7 38. Ne2 Rh7 39. Ng3 Rff7 40. Ne2 Kf8 41. Ng3 Ke7
42. Ne2 Rh4 43. Ng1 Rh8 44. Ne2 Ng7 45. Ng3 Rff8 46. R1f2 Rf7 47. Rf1 Rhf8 48.
h4 Rh8 49. h5 gxh5 50. g5 Ne8 51. gxf6+ Rxf6 52. Nf5+ Kd7 53. Nh4 Rg8+ 54. Kh3
Rgf8 55. Rf5 Rxf5 56. Nxf5 Nf6 57. Ng3 h4 58. Kxh4 Rh8+ 59. Kg5 Rg8+ 60. Kxf6
Rxg3 61. Rh1 Rf3+ 62. Kg5 Rxb3 63. Rh7+ Kc8 64. Kf6 Rc3 65. Ke6 b3 66. Kxd6 b2
67. Kc6 Kb8 68. Rb7+ Ka8 69. Rxb2 Rxc4 70. d6 Rd4 71. d7 c4 72. Rc2 Kb8 73. Rc3
Rd1 74. Rxc4 Rd3 75. Rc5 Rd4 76. Rb5+ Ka7 77. Rxa5+ Kb8 78. Rb5+ Ka7 79. Rd5
Rc4+ 80. Kd6 1-0

[Event "World Rapid Women 2022"]
[Site "Almaty KAZ"]
[Date "2022.12.26"]
[Round "4.37"]
[White "Lu, Miaoyi"]
[Black "Khamdamova, Afruza"]
[Result "0-1"]
[BlackTitle "WFM"]
[WhiteElo "2399"]
[BlackElo "2139"]
[WhiteFideId "8618020"]
[BlackFideId "14210444"]
[EventDate "2022.12.26"]

1. e4 e5 2. Bc4 Nf6 3. d4 exd4 4. Nf3 d5 5. exd5 Bb4+ 6. c3 Qe7+ 7. Be2 dxc3 8.
bxc3 Bc5 9. O-O O-O 10. c4 Re8 11. Bd3 Bg4 12. Bb2 Nbd7 13. Nbd2 Qd6 14. Qc2 h6
15. h3 Bxh3 16. gxh3 Qg3+ 17. Kh1 Qxh3+ 18. Nh2 Ng4 19. Nf3 Nde5 20. Bxe5 Rxe5
21. Bg6 Rf8 22. Bh7+ Kh8 23. Qd3 Rh5 24. Kg1 Qg3+ 0-1

[Event "World Rapid Women 2022"]
[Site "Almaty KAZ"]
[Date "2022.12.26"]
[Round "4.38"]
[White "Frayna, Janelle Mae"]
[Black "Druzhinina, Olga"]
[Result "1/2-1/2"]
[WhiteTitle "WGM"]
[WhiteElo "2265"]
[BlackElo "2245"]
[WhiteFideId "5212499"]
[BlackFideId "4141911"]
[EventDate "2022.12.26"]

1. e4 c5 2. Nf3 d6 3. Bb5+ Nd7 4. d4 cxd4 5. Qxd4 a6 6. Bxd7+ Bxd7 7. O-O e5 8.
Qd3 b5 9. Nc3 Nf6 10. Rd1 h6 11. a4 b4 12. Ne2 Be7 13. Ng3 O-O 14. Nh4 Nxe4 15.
Nxe4 Bxh4 16. Nxd6 Bg4 17. f3 Be6 18. Be3 Qc7 19. a5 Be7 20. Bb6 Qc6 21. c3 bxc3
22. Qxc3 Qxc3 23. bxc3 Bxd6 24. Rxd6 Rfc8 25. Ra3 Kf8 26. Kf2 Ke7 27. Rd1 Rc6
28. Re1 f6 29. g3 Rac8 30. Re3 Rc4 31. Ke1 R8c6 32. Ke2 Rc8 33. Ke1 R8c6 34. Ke2 1/2-1/2